MARC details
| 000 -CABECERA |
| campo de control de longitud fija |
01388nam a2200193 a 4500 |
| 001 - NÚMERO DE CONTROL |
| campo de control |
000044954 |
| 005 - FECHA Y HORA DE LA ÚLTIMA TRANSACCIÓN |
| campo de control |
20201002045747.0 |
| 008 - DATOS DE LONGITUD FIJA--INFORMACIÓN GENERAL |
| campo de control de longitud fija |
150122s2014 dr 000 0 spa d |
| 040 ## - FUENTE DE LA CATALOGACIÓN |
| Centro catalogador/agencia de origen |
DO-SdBNP |
| Lengua de catalogación |
spa |
| Centro/agencia transcriptor |
BNPHU |
| 082 ## - NÚMERO DE LA CLASIFICACIÓN DECIMAL DEWEY |
| Número de clasificación |
cc |
| Número de documento/Ítem |
ccc |
| 110 2# - ENTRADA PRINCIPAL--NOMBRE DE ENTIDAD CORPORATIVA |
| Nombre de entidad corporativa o nombre de jurisdicción como elemento de entrada |
República Dominicana. |
| Unidad subordinada |
Ministerio de Educación |
| 9 (RLIN) |
43100 |
| 245 10 - MENCIÓN DE TÍTULO |
| Título |
Rendición de Cuentas 2014. |
| 260 ## - PUBLICACIÓN, DISTRIBUCIÓN, ETC. |
| Lugar de publicación, distribución, etc. |
Santo Domingo : |
| Nombre del editor, distribuidor, etc. |
MINERD, |
| Fecha de publicación, distribución, etc. |
2014. |
| 300 ## - DESCRIPCIÓN FÍSICA |
| Extensión |
115 p. : |
| Otras características físicas |
il. ; |
| Dimensiones |
27 cm. |
| 590 ## - NOTA LOCAL (RLIN) |
| Nota local |
Inventariado, 2018 / VM |
| 500 ## - NOTA GENERAL |
| Nota general |
Nota sobre la ejecusión presupuestaría del MINERD en el ejercicio fiscal 2014 |
| 505 0# - NOTA DE CONTENIDO CON FORMATO |
| Nota de contenido con formato |
Presentación -- |
| Título |
Pacto educativo -- |
| -- |
Plan nacional de atención integral a la primera infancia "Quisqueya Empieza Contigo" |
| -- |
Plan Nacional de Alfabetización -- |
| -- |
Quisqueya Aprende Contigo -- |
| -- |
Escuela de jornada extendida -- |
| -- |
Construcción y rehabilitación de aulas -- |
| -- |
Desarrollo de la carrera Docente y Formación de Directores -- |
| -- |
Desarrollo curricular y gestión del conocimiento -- |
| -- |
Mejoramiento de la educación primaria:primeros grados y eficiencia interna -- |
| -- |
Cobertura y calidad de la educación secundaria -- |
| -- |
Cumplimiento del calendario del horario escolar -- |
| -- |
Apoyo a la población estudiantil en condiciones de vulnerabilidad -- |
| -- |
Modernización y reetructuración del Ministerio de Educación -- |
| -- |
Iniciativa dominicana por una educación de calidad (IDEC) -- |
| 509 ## - NOTAS INFORMALES (RLIN) |
| Notas informales |
Inventariado, 2018 / VM |